000 00997nam a2200241 a 4500
001 6197
003 BD-RjUL
005 20211208234213.0
008 170318s1963 enka b 000 0 eng d
035 _a(BD-RjUL)6237
040 _aBD-RjUL
_beng
_cBD-RjUL
_dBD-RjUL
041 _aeng
082 0 4 _a510
_bJOH 1963
_223
100 1 _a,
_97001
245 1 0 _aJohn von Neumann :
_bcollected works /
_cgeneral editor A.H. Taub
260 _aOxford :
_bPergamon Press,
_c1963.
300 _aviii, 536p. :
_bill. ;
_c25 cm
504 _aInclude Bibliography.
505 0 _aContents: V.1. Logic, theory of sets, and quantum mechanics -- v.2. operators, ergodic theory, almost periodic functions in a group -- v.3. Rings of operators -- v.4. Continuous geometry and other topics -- v.5. Design of computers, theory of automata, numerical analysis -- v.6. Theory of games, astrophysics, hydrodynamics and meteorology
650 0 _aMathematics
_919485
700 1 _aTaub, A. H.
_d1911-
_919486
942 _2ddc
_cBK
999 _c6197
_d6197